Classical Music- N-O-P - Statistics

General Stats
  • This quiz has been taken 38 times
  • The average score is 7 of 12
Answer Stats
Hint Answer % Correct
N Number of symphonies composed by Beethoven nine
100%
O Instrument with several keyboards, including one for the feet organ
93%
N Sign which erases a sharp or flat natural
79%
P Bach wrote 48 of these, two in each major and minor key, and each followed by a fugue. preludes
75%
O A composition based on a religious text, using vocal solos, ensembles, and choruses accompanied by orchestral instruments oratorio
71%
P Term for the principal female singer in an opera, sometimes used in a derogratory manner prima donna
68%
O An orchestral composition which introduces a musical drama overture
57%
N A chord which contains another 3rd above the 7th ninth
54%
P Modal scale which has a lowered second from normal minor Phrygian
32%
N Another term for aeolian mode normal minor
29%
P Polish composer and pianist who became Prime Minister of Poland in 1919 Paderewski
25%
P The part of a harpsichord's action which plucks the string as a key is depressed plectrum
11%
No matching quizzes found
Score Distribution
Percent of People with Each Score
Percentile by Number Answered
Your Score History
You have not taken this quiz